Resumen de los datos numéricos relativos al material de batalla / (Record no. 154458)

MARC details
000 -LEADER
campo de control de longitud fija 00685nam a2200181 i 4500
001 - NÚMERO DE CONTROL
campo de control 154458
003 - IDENTIFICADOR DE NÚMERO DE CONTROL
campo de control ES-MaACL
005 - FECHA Y HORA DE LA ÚLTIMA TRANSACCIÓN
campo de control 20250901063129.0
008 - DATOS DE LONGITUD FIJA--INFORMACIÓN GENERAL
campo de control de longitud fija 961110s1888 sp |||| | spa d
040 ## - FUENTE DE CATALOGACIÓN
Centro catalogador/agencia de origen CARM
Lengua de catalogación spa
Centro/agencia transcriptor CCPB | SIC
100 1# - ENTRADA PRINCIPAL--NOMBRE DE PERSONA
Nombre de persona Gómez Manés, León
9 (RLIN) 127369
245 10 - MENCIÓN DEL TÍTULO
Título Resumen de los datos numéricos relativos al material de batalla /
Mención de responsabilidad, etc. recopilados por León Gómez Mañes.
260 ## - PUBLICACIÓN, DISTRIBUCIÓN, ETC.
Lugar de publicación, distribución, etc. Madrid :
Nombre del editor, distribuidor, etc. [s.n.],
Fecha de publicación, distribución, etc. 1888 (
Fabricante Imprenta del cuerpo de Artillería)
300 ## - DESCRIPCIÓN FÍSICA
Extensión 45 p. ;
Dimensiones 15 cm.
650 04 - PUNTO DE ACCESO ADICIONAL DE MATERIA--TÉRMINO DE MATERIA
Término de materia o nombre geográfico como elemento de entrada Armamento.
9 (RLIN) 9966
852 ## - LOCALIZACIÓN
Ubicación ES-MaACL
Número de control de estantería T-483-F-5
Nota libre -- Enc. hol.
condición física -- Falto de la cub. original
Nota libre -- Enc. en un vol. facticio
Holdings
Estatus retirado Estado de pérdida Estado de daño No para préstamo Colección Biblioteca de origen Biblioteca actual Ubicación en estantería Fecha de adquisición Total de préstamos Signatura topográfica completa Código de barras Visto por última vez Precio de reemplazo Tipo de ítem Koha
        Colección de folletos Biblioteca del Ateneo de Madrid Biblioteca del Ateneo de Madrid Depósito folletos 17/01/2008   T-483-F-5 1161530 23/02/2023 23/02/2023 Folleto